| 000 | 00435cam a2200169ua 4500 | ||
|---|---|---|---|
| 020 | _c15.00 | ||
| 041 |
_aeng _h |
||
| 082 |
_a547 _bFER/TE |
||
| 100 | _aFergusen, Lloyd N . | ||
| 245 |
_aText book of organic chemistry / _cLloyd N Fergusen. _hTextual Documents |
||
| 260 |
_aNew York : _bVan Nostrand Reinhold Company , _c1958. |
||
| 300 | _a618 ; . | ||
| 365 | _a15.00 | ||
| 504 | _a | ||
| 942 | _cBK | ||
| 999 |
_c7125 _d7125 |
||